| 000 | 00863nam a22002177a 4500 | ||
|---|---|---|---|
| 003 | JO-AjAnu | ||
| 005 | 20231128105410.0 | ||
| 008 | 231128b jo ||||| |||| 00| 0 ara d | ||
| 020 | _a97897738064467 | ||
| 040 |
_aJO-AjAnu _beng _cJO-AjAnu _dJO-AjAnu |
||
| 041 | 0 |
_aara _hara |
|
| 050 |
_aS544 _b2019 |
||
| 100 | 1 |
_aعبدالغني، محمد محمد محمد _964506 _eاعداد |
|
| 245 | 0 |
_a الإرشاد الزراعي الرقمي = Digital Agricultural Extension _c / محمد محمد محمد عبد الغني _b |
|
| 250 | _aالطبعة الاولى | ||
| 260 |
_aالقاهرة: _bدار العلوم للنشر والتوزيع، _c2019 |
||
| 300 | _a127 صفحة | ||
| 500 | _aيحتوي على مراجع باللغتين العربية والانجليزية | ||
| 650 | 4 | 0 |
_aالارشاد الزراعي _964508 |
| 942 |
_2lcc _cBK _n0 |
||
| 999 |
_c33180 _d33180 |
||